El siglo del Quijote (Record no. 4311)
[ view plain ]
| 000 -CABECERA | |
|---|---|
| campo de control de longitud fija | 01313nam a2200325 a 4500 |
| 001 - NÚMERO DE CONTROL | |
| campo de control | BRCA_4606 |
| 005 - FECHA Y HORA DE LA ÚLTIMA TRANSACCIÓN | |
| campo de control | 20190320204731.0 |
| 008 - DATOS DE LONGITUD FIJA--INFORMACIÓN GENERAL | |
| campo de control de longitud fija | 270910s1986----sp-a######---#000-0#spa-# |
| 020 ## - NÚMERO INTERNACIONAL ESTÁNDAR DEL LIBRO | |
| Número Internacional Estándar del Libro | 84239448005 (obra completa) |
| 041 ## - CÓDIGO DE LENGUA | |
| Código de lengua del texto/banda sonora o título independiente | spa |
| 044 ## - CÓDIGO DEL PAÍS DE LA ENTIDAD EDITORA/PRODUCTORA | |
| Código MARC del país | sp |
| 050 #4 - SIGNATURA TOPOGRÁFICA DE LA BIBLIOTECA DEL CONGRESO | |
| Número de clasificación | DP171.5 |
| Número de documento/Ítem | .S54 1986 |
| 245 10 - MENCIÓN DE TÍTULO | |
| Título | El siglo del Quijote |
| Resto del título | (1580-1680). |
| 260 ## - PUBLICACIÓN, DISTRIBUCIÓN, ETC. | |
| Lugar de publicación, distribución, etc. | Madrid |
| Nombre del editor, distribuidor, etc. | Espasa-Calpe |
| Fecha de publicación, distribución, etc. | 1986 |
| 300 ## - DESCRIPCIÓN FÍSICA | |
| Extensión | 2 v. |
| Otras características físicas | il. a color |
| Dimensiones | 28 cm |
| 440 #0 - MENCIÓN DE SERIE/PUNTO DE ACCESO ADICIONAL--TÍTULO | |
| Título | Historia de España |
| Designación de volumen o secuencia | 26 |
| 9 (RLIN) | 11653 |
| 504 ## - NOTA DE BIBLIOGRAFÍA, ETC. | |
| Nota de bibliografía, etc. | Incluye referencias bibliográficas e índice |
| 505 0# - NOTA DE CONTENIDO CON FORMATO | |
| Nota de contenido con formato | Contenido: v.1. Religión, filosofía, ciencia / por Melquíades Andrés ... [et al.] ; prólogo por José Cepeda Adán. -- v.2. Las letras. Las artes / por Ramón Menéndez Pidal ... [et al.] |
| 651 #4 - PUNTO DE ACCESO ADICIONAL DE MATERIA--NOMBRE GEOGRÁFICO | |
| Nombre geográfico | España |
| Subdivisión general | Civilización |
| Subdivisión cronológica | 1516-1700 |
| 9 (RLIN) | 6772 |
| 651 #4 - PUNTO DE ACCESO ADICIONAL DE MATERIA--NOMBRE GEOGRÁFICO | |
| Nombre geográfico | España |
| Subdivisión general | La vida intelectual |
| Subdivisión cronológica | 1516-1700 |
| 9 (RLIN) | 11654 |
| 651 #4 - PUNTO DE ACCESO ADICIONAL DE MATERIA--NOMBRE GEOGRÁFICO | |
| Nombre geográfico | España |
| Subdivisión general | Historia |
| Subdivisión cronológica | La Casa de Austria, 1516-1700 |
| 9 (RLIN) | 11655 |
| 651 #4 - PUNTO DE ACCESO ADICIONAL DE MATERIA--NOMBRE GEOGRÁFICO | |
| Nombre geográfico | España |
| Subdivisión general | Historia de la Iglesia |
| 9 (RLIN) | 11656 |
| 700 1# - PUNTO DE ACCESO ADICIONAL--NOMBRE DE PERSONA | |
| Nombre de persona | Andrés Martín, Melquíades |
| 9 (RLIN) | 11657 |
| 700 1# - PUNTO DE ACCESO ADICIONAL--NOMBRE DE PERSONA | |
| Nombre de persona | Cepeda Adán, José |
| Término indicativo de función/relación | Prologuista |
| 9 (RLIN) | 11658 |
| 700 1# - PUNTO DE ACCESO ADICIONAL--NOMBRE DE PERSONA | |
| Nombre de persona | Menéndez Pidal, Ramón |
| Fechas asociadas al nombre | 1869-1968 |
| 9 (RLIN) | 11659 |
| 740 0# - PUNTO DE ACCESO ADICIONAL--TÍTULO RELACIONADO O ANALÍTICO NO CONTROLADO | |
| Título relacionado o analítico no controlado | El siglo del Quijote--religión, filosofía, ciencia |
| 740 0# - PUNTO DE ACCESO ADICIONAL--TÍTULO RELACIONADO O ANALÍTICO NO CONTROLADO | |
| Título relacionado o analítico no controlado | El siglo del Quijote--las letras, las artes |
| 902 ## - CATALOGADOR | |
| Iniciales | CERV |
| 942 ## - ELEMENTOS DE PUNTO DE ACCESO ADICIONAL (KOHA) | |
| Fuente del sistema de clasificación o colocación | Library of Congress Classification |
| Tipo de ítem Koha | Libros |
| Estado de retiro | Estado de pérdida | Estado dañado | No para préstamo | Localización permanente | Ubicación/localización actual | Fecha de adquisición | Total de préstamos | Signatura topográfica completa | Código de barras | Fecha visto por última vez | Precio válido a partir de | Tipo de ítem Koha | Código de colección |
|---|---|---|---|---|---|---|---|---|---|---|---|---|---|
| El ejemplar forma parte de la colección y puede ser consultado según las políticas vigentes. | Biblioteca del Museo Franz Mayer (Rogerio Casas-Alatriste) | Biblioteca del Museo Franz Mayer (Rogerio Casas-Alatriste) | 27/09/2010 | DP171.5 .S54 1986 | CERV00027 | 22/03/2019 | 22/03/2019 | Libros | |||||
| El ejemplar forma parte de la colección y puede ser consultado según las políticas vigentes. | Biblioteca del Museo Franz Mayer (Rogerio Casas-Alatriste) | Biblioteca del Museo Franz Mayer (Rogerio Casas-Alatriste) | 10/02/2012 | DP171.5 .S54 1986 | CERV00028 | 22/03/2019 | 22/03/2019 | Libros | Acervo General |